000 00817nam a2200253Ia 4500
003 OSt
005 20221005112436.0
006 a|||||r|||| 00| 0
007 ta
008 221004b |||||||| |||| 00| 0 pan d
020 _a9789380906331 (hbk)
_c250
024 _a3752
037 _b753, 12/03/2013, Bright Book Service
_cTextual
040 _aCRL
_cCRL
_bpan
041 _2pan
_apan
082 _aO153:g, Q1
100 _aFਰਮਾ, ਸੁFੀਲ
_9159874
245 0 _aਸਾਹਿਤ ਸੰਵਾਦ
260 _aਚੰਡੀਗੜ
_bਲੇਕਗੀਤ ਭਾਰਤ
_c2011
300 _a195ਪੰ
_ccm.
650 _aਪੰਜਾਬੀ ਸਾਹਿਤ
942 _hO153:g, Q1
_cTEXL
_2cc
999 _c1024909
_d1024909